COMPUTER FUNDAMENTALS (Record no. 15464)

MARC details
000 -LEADER
fixed length control field 00283nam a22001337a 4500
003 - CONTROL NUMBER IDENTIFIER
control field SGT
020 ## - INTERNATIONAL STANDARD BOOK NUMBER
International Standard Book Number 81-765-752-3
082 ## - DEWEY DECIMAL CLASSIFICATION NUMBER
Classification number 004
Item number C18S
100 ## - MAIN ENTRY--PERSONAL NAME
Personal name SINHA, PRADEEP K.
245 ## - TITLE STATEMENT
Title COMPUTER FUNDAMENTALS
260 ## - PUBLICATION, DISTRIBUTION, ETC. (IMPRINT)
Place of publication, distribution, etc INDIA
Name of publisher, distributor, etc BPB
Year of Publication 2018
300 ## - PAGE DESCRIPTION
No. of Pages 490
942 ## - ADDED ENTRY ELEMENTS (KOHA)
Source of classification or shelving scheme Dewey Decimal Classification
Koha item type Books
942 ## - ADDED ENTRY ELEMENTS (KOHA)
-- 52
Holdings
Withdrawn status Lost status Source of classification or shelving scheme Damaged status Not for loan Collection code Home library Current library Shelving location Date acquired Vendor Name Cost, normal purchase price SGTU Bill Number Total Checkouts Full call number Accession No. (Barcode) Date last seen Date last borrowed Bill Date Koha item type
    Dewey Decimal Classification     MEDICAL SGT Medical Library SGT Medical Library Text Book 10/04/2018 ABC 360.00 SGTU 9558 17 004 C18S FM10616 15/01/2025 28/12/2024 30/03/2018 Books
    Dewey Decimal Classification     MEDICAL SGT Medical Library SGT Medical Library Text Book 10/04/2018 ABC 360.00 SGTU 9558 6 004 C18S FM10617 15/01/2025 07/01/2025 30/03/2018 Books
    Dewey Decimal Classification     MEDICAL SGT Medical Library SGT Medical Library Text Book 10/04/2018 ABC 360.00 SGTU 9558 6 004 C18S FM10618 16/09/2024 16/09/2024 30/03/2018 Books
    Dewey Decimal Classification     MEDICAL SGT Medical Library SGT Medical Library Text Book 10/04/2018 ABC 360.00 SGTU 9558 5 004 C18S FM10619 10/04/2025 10/04/2025 30/03/2018 Books
    Dewey Decimal Classification     MEDICAL SGT Medical Library SGT Medical Library Text Book 10/04/2018 ABC 360.00 SGTU 9558 4 004 C18S FM10620 25/08/2023 10/08/2023 30/03/2018 Books
    Dewey Decimal Classification     MEDICAL SGT Medical Library SGT Medical Library Text Book 10/04/2018 ABC 360.00 SGTU 9558 9 004 C18S FM10621 13/06/2024 24/05/2024 30/03/2018 Books
    Dewey Decimal Classification     MEDICAL SGT Medical Library SGT Medical Library Text Book 10/04/2018 ABC 360.00 SGTU 9558 11 004 C18S FM10622 26/12/2024 12/12/2024 30/03/2018 Books
    Dewey Decimal Classification     MEDICAL SGT Medical Library SGT Medical Library Text Book 10/04/2018 ABC 360.00 SGTU 9558 3 004 C18S FM10623 17/12/2024 10/12/2024 30/03/2018 Books
    Dewey Decimal Classification     MEDICAL SGT Medical Library SGT Medical Library Text Book 10/04/2018 ABC 360.00 SGTU 9558 2 004 C18S FM10624 06/06/2024 27/05/2024 30/03/2018 Books
    Dewey Decimal Classification     MEDICAL SGT Medical Library SGT Medical Library Text Book 10/04/2018 ABC 360.00 SGTU 9558 8 004 C18S FM10625 07/06/2024 04/06/2024 30/03/2018 Books